000 00297nam a2200145Ia 4500
100 _aWhalen/ Ed.
942 _cBK
654 _acomputer
245 _aT.Y. Oracle 8 in 21 days
260 _bTechmedia
_c1998
082 _a005.133'O'
_bWHA
300 _a604
546 _aENGLISH
999 _c20298
_d20298